000 00359pam a2200157a 44500
008 230515b2008 xxu||||| |||| 00| 0 eng d
020 _aNULL
041 _aENGLISH
082 _a620.151535 GOK
100 _aGOKHALE NITIN S
245 _aPRACTICAL FINITE ELEMENTS ANALYSIS
250 _a1
260 _aPUNE
_bNA
_c2008
300 _a416
650 _aNULL
999 _c637774
_d637774